Los Angeles Kings 2025-2026 Roster - Statistics

General Stats
  • This quiz has been taken 35 times
  • The average score is 16 of 23
Answer Stats
Jersey # Pos Player % Correct
35 G Darcy Kuemper
100%
11 C Anze Kopitar
96%
8 D Drew Doughty
96%
9 RW Adrian Kempe
88%
22 LW Kevin Fiala
88%
40 RW Joel Armia
85%
55 RW Quinton Byfield
85%
96 LW Andrei Kuzmenko
81%
14 RW Alex Laferriere
77%
24 C Phillip Danault
77%
15 C Alex Turcotte
73%
44 D Mikey Anderson
73%
92 D Brandt Clarke
69%
5 D Cody Ceci
69%
2 D Brian Dumoulin
65%
6 D Joel Edmundson
65%
12 LW Trevor Moore
65%
31 G Anton Forsberg
62%
37 LW Warren Foegele
58%
39 LW Jeff Malott
54%
79 C Samuel Helenius
50%
43 D Jacob Moverare
35%
7 D Kyle Burroughs
27%
No matching quizzes found
Score Distribution
Percent of People with Each Score
Percentile by Number Answered
Your Score History
You have not taken this quiz